00929nam a22002657a 450000500170000001000130001702000100003003500130004003700160005304000120006908200150008110000340009624500860013025000110021626000380022727000510026530000250031650000510034165000320039265000300042470000390045494200240049399900190051795201270053620170124105916.0 aA-086271 c00.00 aA-086271 bCen Lib/Ret aDPLbEN a911.3bJON aJones, Clarence Fielden92506 aEconomic geography /cby Clarence Fielden Clarence [and] Gordon Gerald Darkenwald a3rd ed aDelhibSurjeet Publicationsc1982 a7-K, Kolhapur Road, Kamla NagarbDelhie110007 axxvi,816p.c21cm(Hb) aIncludes bibliographical references and index aEconomic-Human factor92507 aEconomic-Occupation92508 aDarkenwald, Gordon Gerald 9106591 2ddccENh911.3mJON c122823d122823 001040718REFaLbLd2015-05-30eCen Lib/Retg0.00l0o911.3 JONpA-086271r2015-05-30 00:00:00t1v0.00w2016-09-15yEN